000
00323 a2200157 4500
001
173677
020
_a
040
_c
Magnum
100
_a
Alvarenga, Terezinha
240
1
0
_a
Entre anto e tantos
_l
por
245
1
0
_a
Entre anto e tantos
362
0
_a
1899
440
1
_a
Miguilim
697
_a
IJ/ANIMAIS
942
_c
BK
999
_c
173677
_d
173677